| 000 | 00945nam a2200229 a 4500 | ||
|---|---|---|---|
| 001 | 38268 | ||
| 003 | BD-RjUL | ||
| 005 | 20211209052748.0 | ||
| 008 | 151025r19611954ii ||||| |||| 00| 0 ben d | ||
| 035 | _a(BD-RjUL)38373 | ||
| 040 |
_aBD-RjUL _bben _cBD-RjUL |
||
| 041 | _aben | ||
| 082 |
_a891.4409 _bBIR 1961 |
||
| 100 |
_aবিশী, প্রমথনাথ _9118298 |
||
| 245 |
_aরবীন্দ্র বিচিত্রা / _cপ্রমথনাথ বিশী |
||
| 260 |
_aকলিকাতা : _bওরিয়েণ্ট বুক কোম্পানি, _c১৯৫৪ [প্রকাশ ১৯৬১] |
||
| 300 |
_a২৪২ পৃ. : _c২২ সেমি. |
||
| 500 | _aনির্ঘন্ট সংযুক্ত | ||
| 650 |
_a বাংলা সাহিত্য _xইতিহাস ও সমালোচনা _9118060 |
||
| 650 |
_aBengali literary _xHistory and criticism _9118299 |
||
| 942 |
_2ddc _cBK |
||
| 999 |
_c38268 _d38268 |
||